Zvyšovanie výkonnosti procesov v podniku

Zlepšovanie podnikových procesov. Náklady na zabezpečenie zhody. Zlepšovacie návrhy. Konkrétna realizácia a kvantifikácia zlepšení. Kvantifikácia zlepšení vyžadujúcich si finančné prostriedky. Výkon podniku po realizácii zlepšení.

Guardado en:
Detalles Bibliográficos
Autor principal: Šatanová, Anna
Formato: Capítulo de libro
Lenguaje:eslovaco
Materias:
Etiquetas: Agregar Etiqueta
Sin Etiquetas, Sea el primero en etiquetar este registro!

MARC

LEADER 00000naa$a2200000$$$4500
001 0059635
005 20231012070924.8
041 0 |a slo 
044 |a SK 
245 1 0 |a Zvyšovanie výkonnosti procesov v podniku  |c Anna Šatanová 
520 |a Zlepšovanie podnikových procesov. Náklady na zabezpečenie zhody. Zlepšovacie návrhy. Konkrétna realizácia a kvantifikácia zlepšení. Kvantifikácia zlepšení vyžadujúcich si finančné prostriedky. Výkon podniku po realizácii zlepšení. 
610 2 0 |a podnik 
610 2 0 |a výkonnosť 
610 2 0 |a procesy podnikové 
610 2 0 |a školenie odborné 
610 2 0 |a výkony podnikové 
100 1 |a Šatanová, Anna